01143nab a22002297a 4500003000400000005001700004008004100021040000700062100002400069245012100093260007300214300001500287500004500302505022500347505008900572650002900661650002200690650001900712650000900731700003300740773014000773OSt20251113133502.0190604e xxu||||| |||| 00| 0 spa d cPJ aArrascaeta, Juan J.10aA favor de la acción recursoria entre coautores de un ilícito doloso /cJuan J. Arrascaeta, Lucca T. Cosentino. aCiudad Autónoma de Buenos Aires :bThomson Reuters La Ley, c2025. ap. 159-163 aCita Online: TR LALEY AR/DOC/1254/2025.  aSumario: I. Introducción.— II. El primer argumento: una analogía inexacta.— III. El segundo argumento: nemo auditur propriam turpitudinem allegans.— IV. Otros fundamentos de nuestra postura.— V. Conclusiones. t¿Te interesa el texto completo? Solicitalo al correo: koha@justierradelfuego.gov.ar 0aCODIGO CIVIL Y COMERCIAL 0aDAÑO RESARCIBLE 0aACCIÓN CIVIL 0aDOLO aCosentino, Lucca T.ecoautor0 02714dCiudad Autónoma de Buenos Aires : Thomson Reuters La Ley, 2014-tRevista anales de legislación argentina. Nº 7 - Julio 2025.